| Tag |
First Indicator |
Second Indicator |
Subfields |
| LEADER |
00000cam a2200000Ia 4500 |
| 001 |
in00003828421 |
| 006 |
m o d |
| 007 |
cr cn||||||||| |
| 008 |
051117s2001 gw a ob 001 0 eng d |
| 005 |
20260609152748.0 |
| 019 |
|
|
|a 269431246
|
| 020 |
|
|
|a 3446401830
|q (electronic bk.)
|
| 020 |
|
|
|a 9783446401839
|q (electronic bk.)
|
| 020 |
|
|
|a 9783446215870
|
| 020 |
|
|
|a 3446215875
|
| 020 |
|
|
|a 1569903115
|
| 020 |
|
|
|a 9781569903117
|
| 035 |
|
|
|a (OCoLC)62292669
|z (OCoLC)269431246
|
| 037 |
|
|
|b Knovel Corporation
|n http://www.knovel.com
|
| 040 |
|
|
|a KNOVL
|b eng
|e pn
|c KNOVL
|d OCLCG
|d OCLCQ
|d DEBSZ
|d OCLCQ
|d KNOVL
|d ZCU
|d OCLCF
|d KNOVL
|d HEBIS
|d OCLCO
|d KNOVL
|d OCLCQ
|d AU@
|d OCLCQ
|d UtOrBLW
|
| 049 |
|
|
|a TXAM
|
| 050 |
|
4 |
|a TP1150
|b .R45 2001eb
|
| 082 |
0 |
4 |
|a 668.4/12
|2 22
|
| 100 |
1 |
|
|a Rees, Herbert,
|d 1915-
|0 http://id.loc.gov/authorities/names/n94023251
|
| 245 |
1 |
0 |
|a Understanding injection mold design /
|c Herbert Rees.
|
| 264 |
|
1 |
|a Munich :
|b Hanser Publishers ;
|a Cincinnati, OH :
|b Hanser Gardner Publications,
|c 2001.
|
| 300 |
|
|
|a 1 online resource (xii, 115 pages) :
|b illustrations
|
| 336 |
|
|
|a text
|b txt
|2 rdacontent
|
| 337 |
|
|
|a computer
|b c
|2 rdamedia
|
| 338 |
|
|
|a online resource
|b cr
|2 rdacarrier
|
| 504 |
|
|
|a Includes bibliographical references and index.
|
| 588 |
0 |
|
|a Print version record.
|
| 500 |
|
|
|a Electronic resource.
|
| 650 |
|
0 |
|a Injection molding of plastics.
|0 http://id.loc.gov/authorities/subjects/sh85066431
|
| 650 |
|
7 |
|a Injection molding of plastics.
|2 fast
|0 (OCoLC)fst00973507
|
| 650 |
|
7 |
|a Spritzgie€en.
|2 gnd
|0 (DE-588)4056561-0
|
| 655 |
|
7 |
|a Electronic books.
|2 local
|
| 710 |
2 |
|
|a Knovel (Firm)
|0 http://id.loc.gov/authorities/names/nr2001027264
|
| 776 |
1 |
8 |
|i Print version:
|a Rees, Herbert, 1915-
|t Understanding injection mold design.
|d Munich : Hanser Publishers ; Cincinnati, OH : Hanser Gardner Publications, 2001
|z 1569903115
|w (DLC) 00054085
|w (OCoLC)45446380
|
| 856 |
4 |
0 |
|u http://proxy.library.tamu.edu/login?url=https://app.knovel.com/hotlink/toc/id:kpUIMD0002/understanding-injection-mold
|z Connect to the full text of this electronic book
|t 0
|
| 999 |
f |
f |
|s 436d453f-87e6-3bb7-bdfd-7425bfe2db6a
|i 8bb2ed23-8af8-3f20-b053-5eb19ea087ad
|t 0
|
| 952 |
f |
f |
|a Texas A&M University
|b College Station
|c Electronic Resources
|s www_evans
|d Available Online
|t 0
|e TP1150 .R45 2001eb
|h Library of Congress classification
|
| 998 |
f |
f |
|a TP1150 .R45 2001eb
|t 0
|l Available Online
|